C-Country Capitals Quiz Stats

Quiz not verified by Sporcle

Challenge
Share
Tweet
Embed
Score 0/16 Timer 03:00
0 Plays Today
Capital % Correct
Ottawa
95.7%
Beijing
91.3%
Santiago
89.7%
Bogota
87%
Prague
86.4%
Phnom Penh
84.2%
Havana
82.1%
Zagreb
81.5%
Capital % Correct
San Jose
81%
Nicosia
73.9%
Yaounde
62.5%
Moroni
59.8%
N'Djamena
59.2%
Bangui
52.2%
Praia
51.1%
Yamoussoukro
46.2%

You're not logged in!

Compare scores with friends on all Sporcle quizzes.
Sign Up with Email
OR
Log In

You Might Also Like...

Show Comments

Extras

Top Quizzes Today


Score Distribution

Your Account Isn't Verified!

In order to create a playlist on Sporcle, you need to verify the email address you used during registration. Go to your Sporcle Settings to finish the process.

Report this User

Report this user for behavior that violates our Community Guidelines.

Details: